000 00358nam a2200145Ia 4500
008 100122s9999 xx 000 0 und d
082 _b23236
_a823.08
100 _aकर्णिक मधु मंगेश
245 _aकेवडा
260 _c1960
300 _a50
630 _aकेवडा
730 _aकेवडा
942 _cBOOK
999 _c410840
_d410837